Southville International School and Colleges
Your cart is empty.
  • Cart
  • Lists
    Public lists Eva Luna New books Lux_list list_1
    Your lists Log in to create your own lists
  • Log in to your account
  • Your cookies
  • Search history
Southville International School and Colleges
  • Advanced search
  • Recent comments
  • Most popular
  • Libraries

Log in to your account

Log in with GOOGLE


If you do not have an external account, but do have a local account, you can still log in:

  1. Home
  2. MARC view: Oedipus Rex /
Normal view MARC view ISBD view

Oedipus Rex / (Record no. 296241)

[ view plain ]
MARC details
000 -LEADER
fixed length control field 00538cgm a22002055a 4500
001 - CONTROL NUMBER
control field 12119556
003 - CONTROL NUMBER IDENTIFIER
control field SISC
005 - DATE AND TIME OF LATEST TRANSACTION
control field 20160711144525.0
007 - PHYSICAL DESCRIPTION FIXED FIELD--GENERAL INFORMATION
fixed length control field v| ||||||
008 - FIXED-LENGTH DATA ELEMENTS--GENERAL INFORMATION
fixed length control field 000726s1993 xx 060 vlund
010 ## - LIBRARY OF CONGRESS CONTROL NUMBER
LC control number 00569488
020 ## - INTERNATIONAL STANDARD BOOK NUMBER
International Standard Book Number 1417666765
040 ## - CATALOGING SOURCE
Original cataloging agency DLC
Transcribing agency DLC
Description conventions amim
050 00 - LIBRARY OF CONGRESS CALL NUMBER
Classification number PA 4413.07 S66 1991
245 00 - TITLE STATEMENT
Title Oedipus Rex /
Statement of responsibility, etc Sophocles.
260 ## - PUBLICATION, DISTRIBUTION, ETC. (IMPRINT)
Place of publication, distribution, etc New York :
Name of publisher, distributor, etc Dover Publications,
Date of publication, distribution, etc 1991.
300 ## - PHYSICAL DESCRIPTION
Extent vii, 54 p. ;
Dimensions 21 cm.
906 ## - LOCAL DATA ELEMENT F, LDF (RLIN)
a 0
b cbc
c origcop
d u
e ncip
f 20
g y-movingim
942 ## - ADDED ENTRY ELEMENTS (KOHA)
Source of classification or shelving scheme Library of Congress Classification
Koha item type Books
Holdings
Withdrawn status Lost status Source of classification or shelving scheme Damaged status Home library Current library Shelving location Date acquired Source of acquisition Sub Shelving location Total Checkouts Total Renewals Full call number Barcode Date last seen Date checked out Price effective from Koha item type
    Library of Congress Classification   Luxembourg Library Luxembourg Library Classic Section 07/11/2016 Library Fund   5 2 PA 4413.07 S66 1991 20259 12/02/2019 11/04/2019 07/11/2016 Books
    Library of Congress Classification   Luxembourg Library Luxembourg Library International Baccalaureate Section 07/11/2016 Library Fund   1   PA 4413.07 S66 1991 20260 01/15/2019 01/10/2019 07/11/2016 Books

Oedipus Rex /

APA

(1991). Oedipus Rex. New York: Dover Publications.

Chicago

1991. Oedipus Rex. New York: Dover Publications.

Harvard

(1991). Oedipus Rex. New York: Dover Publications.

MLA

Oedipus Rex. New York: Dover Publications. 1991.

  • Place hold
  • Print
  • Cite
  • Add to your cart (remove)
  • Save record
    BIBTEX Dublin Core MARCXML MARC (non-Unicode/MARC-8) MARC (Unicode/UTF-8) MARC (Unicode/UTF-8, Standard) MODS (XML) RIS
  • More searches
    Search for this title in:
    Other Libraries (WorldCat) Other Databases (Google Scholar) Online Stores (Bookfinder.com) Open Library (openlibrary.org)

Exporting to Dublin Core...

SOUTHVILLE LIBRARY

Southville International School and Colleges Library

1281 Tropical Ave. Cor. Luxembourg St., BF Homes International, Las Pinas City

Tel. No. 8256374 / 252358 Loc. 117/146

Powered by Koha